Statistics for County-Level Divisions of Jiangsu, China 江蘇

Click here to take the quiz!

General Stats

  • This quiz has been taken 110 times
  • The average score is 66 of 95

Answer Stats

Prefecture-level City 地級市Answer% Correct
Suzhou 蘇州Kunshan 崑山
95%
Suzhou 蘇州Zhangjiagang 張家港
93%
Wuxi 無錫Jiangyin 江陰
90%
Suzhou 蘇州Gusu 姑蘇
89%
Suzhou 蘇州Changshu 常熟
87%
Suzhou 蘇州Taicang 太倉
87%
Xuzhou 徐州Gulou 鼓樓
85%
Nanjing 南京Gulou 鼓樓
85%
Suzhou 蘇州Wujiang 吳江
85%
Nanjing 南京Yuhuatai 雨花台
85%
Nanjing 南京Lishui 溧水
84%
Wuxi 無錫Yixing 宜興
84%
Yancheng 鹽城Dafeng 大豐
80%
Zhenjiang 鎮江Danyang 丹陽
80%
Nanjing 南京Gaochun 高淳
80%
Nantong 南通Hai'An 海安
80%
Lianyungang 連雲港Lianyun 連雲
80%
Nanjing 南京Xuanwu 玄武
80%
Zhenjiang 鎮江Yangzhong 揚中
80%
Nanjing 南京Jiangning 江寧
79%
Nantong 南通Qidong 啟東
79%
Nantong 南通Rugao 如皋
79%
Nantong 南通Tongzhou 通州
79%
Suzhou 蘇州Wuzhong 吳中
79%
Yangzhou 揚州Gaoyou 高郵
77%
Nantong 南通Haimen 海門
77%
Huai'an 淮安Huaiyin 淮陰
77%
Nanjing 南京Pukou 浦口
77%
Changzhou 常州Wujin 武進
77%
Nanjing 南京Qinhuai 秦淮
75%
Suzhou 蘇州Xiangcheng 相城
75%
Xuzhou 徐州Xinyi 新沂
75%
Wuxi 無錫Xishan 錫山
75%
Yancheng 鹽城Dongtai 東台
74%
Xuzhou 徐州Feng County 豐縣
74%
Changzhou 常州Jintan 金壇
74%
Nantong 南通Rudong 如東
74%
Suzhou 蘇州Huqiu 虎丘
72%
Zhenjiang 鎮江Jurong 句容
72%
Changzhou 常州Liyang 溧陽
72%
Xuzhou 徐州Pei County 沛縣
72%
Lianyungang 連雲港Haizhou 海州
70%
Huai'an 淮安Huai'An District 淮安區
70%
Nanjing 南京Jianye 建鄴
70%
Nanjing 南京Luhe 六合
70%
Zhenjiang 鎮江Dantu 丹徒
69%
Huai'an 淮安Qingjiangpu 清江浦
69%
Xuzhou 徐州Yunlong 雲龍
69%
Lianyungang 連雲港Donghai 東海
67%
Lianyungang 連雲港Ganyu 贛榆
67%
Wuxi 無錫Huishan 惠山
67%
Huai'an 淮安Xuyi 盱眙
67%
Taizhou 泰州Jiangyan 姜堰
66%
Xuzhou 徐州Pizhou 邳州
66%
Nanjing 南京Qixia 棲霞
66%
Suqian 宿遷Shuyang 沭陽
66%
Taizhou 泰州Taixing 泰興
66%
Xuzhou 徐州Tongshan 銅山
66%
Yangzhou 揚州Baoying 寶應
64%
Lianyungang 連雲港Guannan 灌南
64%
Huai'an 淮安Hongze 洪澤
64%
Yangzhou 揚州Jiangdu 江都
64%
Taizhou 泰州Jingjiang 靖江
64%
Wuxi 無錫Liangxi 梁溪
64%
Yangzhou 揚州Yizheng 儀徵
64%
Changzhou 常州Zhonglou 鐘樓
64%
Lianyungang 連雲港Guanyun 灌雲
62%
Huai'an 淮安Lianshui 漣水
62%
Yancheng 鹽城Sheyang 射陽
62%
Suqian 宿遷Siyang 泗陽
62%
Yangzhou 揚州Guangling 廣陵
61%
Zhenjiang 鎮江Jingkou 京口
61%
Changzhou 常州Xinbei 新北
61%
Yangzhou 揚州Hanjiang 邗江
59%
Huai'an 淮安Jinhu 金湖
59%
Suqian 宿遷Sihong 泗洪
59%
Yancheng 鹽城Yandu 鹽都
59%
Nantong 南通Chongchuan 崇川
57%
Zhenjiang 鎮江Runzhou 潤州
57%
Suqian 宿遷Sucheng 宿城
57%
Changzhou 常州Tianning 天寧
57%
Wuxi 無錫Binhu 濱湖
56%
Xuzhou 徐州Jiawang 賈汪
56%
Yancheng 鹽城Xiangshui 響水
56%
Suqian 宿遷Suyu 宿豫
54%
Taizhou 泰州Xinghua 興化
54%
Wuxi 無錫Xinwu 新吳
54%
Yancheng 鹽城Binhai 濱海
52%
Xuzhou 徐州Quanshan 泉山
52%
Xuzhou 徐州Suining 睢寧
52%
Yancheng 鹽城Funing 阜寧
51%
Taizhou 泰州Gaogang 高港
51%
Taizhou 泰州Hailing 海陵
51%
Yancheng 鹽城Jianhu 建湖
49%
Yancheng 鹽城Tinghu 亭湖
49%

Score Distribution

Percentile by Number Answered

Percent of People with Each Score

Your Score History

You have not taken this quiz